Pattozhukum vazhi: (Record no. 182028)

000 -LEADER
fixed length control field 00444nam a22001697a 4500
020 ## - INTERNATIONAL STANDARD BOOK NUMBER
ISBN 9788119443680
082 ## - DEWEY DECIMAL CLASSIFICATION NUMBER
Classification number M 782 421 542
Item number DEE/P
100 ## - MAIN ENTRY--AUTHOR NAME
Personal name Deepu P Kurup
245 ## - TITLE STATEMENT
Title Pattozhukum vazhi:
Sub Title chalachithraganangalile samskarika mudrakal/
Statement of responsibility, etc by Deepu P Kurup
260 ## - PUBLICATION, DISTRIBUTION, ETC. (IMPRINT)
Place of publication Kozhikode:
Name of publisher Atma books,
Year of publication 2024.
300 ## - PHYSICAL DESCRIPTION
Number of Pages 112p.
650 ## - SUBJECT ADDED ENTRY--TOPICAL TERM
Topical Term Songs Film Study
650 ## - SUBJECT ADDED ENTRY--TOPICAL TERM
Topical Term Film Songs
650 ## - SUBJECT ADDED ENTRY--TOPICAL TERM
Topical Term Music
650 ## - SUBJECT ADDED ENTRY--TOPICAL TERM
Topical Term Arts
942 ## - ADDED ENTRY ELEMENTS (KOHA)
Koha item type Book
Holdings
Withdrawn status Lost status Damaged status Not for loan Permanent Location Current Location Shelving location Date acquired Cost, normal purchase price Full call number Accession Number Price effective from Koha item type
        Sree Sankaracharya University of Sanskrit Sree Sankaracharya University of Sanskrit Stacks 03.06.2026 220.00 M 782 421 542 DEE/P 109046 03.06.2026 Book